000 00501nam a2200181Ia 4500
003 OSt
005 20200701101153.0
008 190216s9999||||xx |||||||||||||| ||und||
040 _coclc
082 _a909
_bPEA/O
100 _aPearce, F G
_93376
245 0 _aAn Outline History Of Civilization /
_cF G Pearce
250 _a2nd Ed.
260 _bOxford University Press,
_c1965.
_aBombay:
300 _a224p
650 _aHistory
942 _cBK
_2ddc
_h909
_iPEA/O
_k909
_mPEA/O
999 _c18576
_d18576